000 00645nam a2200217Ia 4500
003 GCL
008 140319s9999 xx 000 0 ara d
040 _aGCL /
_cGCL
082 0 4 _a782.1
_bص ص
100 1 _aصالح عبدون
245 1 0 _aصفحات فى تاريخ اوبرا القاهرة /
_cصالح عبدون
260 _a[S.N] :
_bالهيئة المصرية العامة للكتاب
300 _a212 ص
490 _a
650 0 4 _aتاريخ
650 0 4 _aالقاهرة
650 0 4 _aالاوبرا
650 0 4 _aالاعمال الموسيقية
650 0 4 _aالمسرحيات العالمية
942 _2ddc
_cBK
999 _c32532
_d32532